[Event "EIBCC 2019"]
[Site "Tallinn"]
[Date "2019.12.07"]
[Round "21.20"]
[White "Mustaps, Matiss"]
[Black "Saric, Ante"]
[Result "0-1"]
[WhiteElo "2361"]
[BlackElo "2577"]
[Annotator "ChessBase"]
[PlyCount "100"]
[EventDate "2019.12.06"]
[EventType "swiss"]
[EventCountry "EST"]
[SourceTitle "playchess.com"]
[Source "ChessBase"]
[SourceQuality "1"]

1. e4 c5 2. Nf3 g6 3. d4 cxd4 4. Nxd4 Nc6 5. Nc3 Bg7 6. Be3 Nf6 7. Bc4 O-O 8. Bb3 Re8 9. O-O d6 10. h3 Na5 11. Re1 Nxb3 12. axb3 b6 13. b4 Bb7 14. Qd3 a6 15. b5 a5 16. Nc6 Bxc6 17. bxc6 Qc7 18. Qb5 Rac8 19. Qxb6 Qxb6 20. Bxb6 Rxc6 21. Be3 Nd7 22. Rxa5 Bxc3 23. bxc3 Rxc3 24. Ra7 Nf6 25. Bd4 Rxc2 26. Bxf6 exf6 27. Rd7 Re6 28. Rd1 Rc6 29. f3 Kg7 30. Rd2 h5 31. h4 g5 32. Ra2 Rc8 33. Raa7 Rf8 34. hxg5 fxg5 35. Ra6 Kf6 36. Rdxd6 Rc8 37. Rxe6+ fxe6 38. Ra7 Ke5 39. Rh7 h4 40. Rg7 Kf4 41. Rf7+ Kg3 42. Kf1 Rc1+ 43. Ke2 Rc2+ 44. Ke3 Kxg2 45. Rg7 Rc5 46. f4 h3 47. f5 Rc3+ 48. Kd4 h2 49. Kxc3 h1=Q 50. f6 Qa1+ 0-1

[Event "EIBCC 2019"]
[Site "Tallinn"]
[Date "2019.12.07"]
[Round "21.21"]
[White "Blohberger, Felix"]
[Black "Schneider, Ilja"]
[Result "1-0"]
[WhiteElo "2330"]
[BlackElo "2483"]
[Annotator "ChessBase"]
[PlyCount "47"]
[EventDate "2019.12.06"]
[EventType "swiss"]
[EventCountry "EST"]
[SourceTitle "playchess.com"]
[Source "ChessBase"]
[SourceQuality "1"]

1. d4 d5 2. Bf4 Nf6 3. e3 c5 4. c3 cxd4 5. exd4 Nc6 6. Nd2 g6 7. Ngf3 Bg7 8. Bd3 O-O 9. O-O Bf5 10. Bxf5 gxf5 11. Ne5 e6 12. Nd3 Ne4 13. Nf3 Kh8 14. Nfe5 Nxe5 15. Bxe5 Rg8 16. Qh5 Qg5 17. Qxg5 Nxg5 18. f3 Bxe5 19. Nxe5 f6 20. Nd3 Kg7 21. Rae1 Rge8 22. Kf2 b6 23. Re2 Kf8 24. Rfe1 1-0

[Event "EIBCC 2019"]
[Site "Tallinn"]
[Date "2019.12.07"]
[Round "21.22"]
[White "Potapov, Pavel"]
[Black "Grewenig, Jan"]
[Result "1-0"]
[WhiteElo "2464"]
[BlackElo "2305"]
[Annotator "ChessBase"]
[PlyCount "95"]
[EventDate "2019.12.06"]
[EventType "swiss"]
[EventCountry "EST"]
[SourceTitle "playchess.com"]
[Source "ChessBase"]
[SourceQuality "1"]

1. e4 c5 2. c3 d5 3. exd5 Qxd5 4. d4 Nf6 5. Nf3 Bg4 6. Be2 e6 7. h3 Bh5 8. O-O Be7 9. Be3 Nbd7 10. Na3 O-O 11. dxc5 Bxc5 12. Bxc5 Qxc5 13. Nc2 Rfd8 14. Qc1 Ne5 15. Ncd4 Nxf3+ 16. Bxf3 Bxf3 17. Nxf3 Rd6 18. Qc2 Rad8 19. Rad1 h6 20. Rxd6 Rxd6 21. Rd1 Rxd1+ 22. Qxd1 Qd5 23. Qxd5 Nxd5 24. g3 Kf8 25. Kf1 Ke7 26. Ke2 Kd6 27. Kd3 Ne7 28. c4 Nc6 29. a3 f6 30. b4 b6 31. Nd4 Ne5+ 32. Kc3 a6 33. a4 Nc6 34. Nxc6 Kxc6 35. f4 g6 36. Kd4 Kd6 37. g4 Kc6 38. h4 Kd6 39. g5 fxg5 40. fxg5 hxg5 41. hxg5 e5+ 42. Ke4 Ke6 43. c5 bxc5 44. bxc5 a5 45. c6 Kd6 46. c7 Kxc7 47. Kxe5 Kc6 48. Ke4 1-0

[Event "EIBCC 2019"]
[Site "Tallinn"]
[Date "2019.12.07"]
[Round "21.23"]
[White "Shapiro, Viktor"]
[Black "Ladva, Ottomar"]
[Result "0-1"]
[WhiteElo "2267"]
[BlackElo "2457"]
[Annotator "ChessBase"]
[PlyCount "85"]
[EventDate "2019.12.06"]
[EventType "swiss"]
[EventCountry "EST"]
[SourceTitle "playchess.com"]
[Source "ChessBase"]
[SourceQuality "1"]

1. Nf3 d5 2. g3 g6 3. Bg2 Bg7 4. O-O Nd7 5. d3 Ngf6 6. Nbd2 O-O 7. c4 c6 8. a3 a5 9. Rb1 a4 10. Qc2 e5 11. e4 dxe4 12. dxe4 Qe7 13. b4 axb3 14. Nxb3 Nc5 15. Nxc5 Qxc5 16. Bb2 Nd7 17. Rfd1 Qe7 18. Bc3 Nc5 19. Bb4 Bg4 20. h3 Bxf3 21. Bxf3 b6 22. Rd2 Rfd8 23. Rbd1 Rd4 24. Rxd4 exd4 25. Bg2 h5 26. f4 h4 27. e5 Rd8 28. Qf2 hxg3 29. Qxg3 Qe6 30. h4 Qxc4 31. Bxc6 d3 32. h5 Ne6 33. Bf3 Qxf4 34. Qxf4 Nxf4 35. hxg6 Nxg6 36. Be4 Nxe5 37. Kf2 f6 38. Be7 Rd7 39. Bb4 Bh6 40. Bc3 d2 41. Ke2 Kf7 42. Bc2 Re7 43. Kf1 0-1

[Event "EIBCC 2019"]
[Site "Tallinn"]
[Date "2019.12.07"]
[Round "21.24"]
[White "Neff, Sergei"]
[Black "Galopoulos, Nikolaos"]
[Result "0-1"]
[WhiteElo "2160"]
[BlackElo "2429"]
[Annotator "NA"]
[PlyCount "60"]
[EventDate "2019.12.06"]
[EventType "swiss"]
[EventCountry "EST"]
[SourceTitle "playchess.com"]
[Source "ChessBase"]
[SourceQuality "1"]

1. g3 c5 2. Bg2 Nc6 3. Nf3 g6 4. c4 Bg7 5. O-O e6 6. Nc3 Nge7 7. b3 O-O 8. Bb2 d5 9. cxd5 exd5 10. d3 b6 11. Rc1 d4 12. Ne4 Nd5 13. a3 a5 14. Ned2 Re8 15. Re1 Be6 16. Nc4 Rc8 17. a4 Ncb4 18. e4 dxe3 19. fxe3 Bxb2 20. Nxb2 Bg4 21. e4 Nc7 22. Nc4 Ne6 23. h3 Bxf3 24. Qxf3 Nd4 25. Qe3 Nbc2 26. Qf4 Nxe1 27. Rxe1 Ne6 28. Qh6 Qxd3 29. Kh2 Rcd8 30. Ne5 Qd2 0-1

[Event "EIBCC 2019"]
[Site "Tallinn"]
[Date "2019.12.07"]
[Round "21.25"]
[White "Dordzhieva, Dinara"]
[Black "Zelbel, Patrick"]
[Result "1/2-1/2"]
[WhiteElo "2222"]
[BlackElo "2425"]
[Annotator "NA"]
[PlyCount "48"]
[EventDate "2019.12.06"]
[EventType "swiss"]
[EventCountry "EST"]
[SourceTitle "playchess.com"]
[Source "ChessBase"]
[SourceQuality "1"]

1. Nf3 c5 2. c4 Nc6 3. Nc3 g6 4. g3 Bg7 5. Bg2 e6 6. d4 cxd4 7. Nb5 d5 8. cxd5 exd5 9. O-O Nge7 10. Nbxd4 O-O 11. b3 Nf5 12. Bb2 Qb6 13. e3 Re8 14. Rc1 Bd7 15. Qd2 Nfxd4 16. Nxd4 Nxd4 17. Bxd4 Bxd4 18. Qxd4 Qxd4 19. exd4 Bc6 20. Rfe1 Kf8 21. Bf3 Rxe1+ 22. Rxe1 Re8 23. Rxe8+ Kxe8 24. h4 Ke7 1/2-1/2

[Event "EIBCC 2019"]
[Site "Tallinn"]
[Date "2019.12.07"]
[Round "21.26"]
[White "Mohr, Georg"]
[Black "Rocha, Sergio"]
[Result "1-0"]
[WhiteElo "2458"]
[BlackElo "2249"]
[Annotator "ChessBase"]
[PlyCount "137"]
[EventDate "2019.12.06"]
[EventType "swiss"]
[EventCountry "EST"]
[SourceTitle "playchess.com"]
[Source "ChessBase"]
[SourceQuality "1"]

1. g3 d5 2. Bg2 c6 3. d3 Bf5 4. Nd2 e6 5. e4 Bg6 6. Ne2 Bd6 7. O-O Ne7 8. f4 Nd7 9. Kh1 h5 10. h3 Qc7 11. Nb3 Qb6 12. a4 a5 13. Qe1 Bc7 14. Ned4 c5 15. Nb5 d4 16. Nd2 e5 17. Nc4 Qc6 18. f5 Bh7 19. c3 f6 20. cxd4 exd4 21. Bf4 Be5 22. Nxa5 Qb6 23. Nc4 Qc6 24. b4 Bg8 25. Nbd6+ Kf8 26. b5 Qc7 27. Qd2 Bxc4 28. Nxc4 h4 29. g4 Kf7 30. a5 Rhb8 31. g5 Bxf4 32. g6+ Kf8 33. Rxf4 Ne5 34. Nxe5 Qxe5 35. Rxh4 Ng8 36. Qf4 Ke7 37. Qxe5+ fxe5 38. Rg4 Nf6 39. Rg5 Rh8 40. Kh2 Rh4 41. Bf3 Kd6 42. Rgg1 c4 43. dxc4 Kc5 44. Rgb1 Rah8 45. Bg2 Ra8 46. Ra4 b6 47. Kg3 Rhh8 48. Rba1 Rhd8 49. axb6 Rab8 50. Bf3 d3 51. Rd1 Rd4 52. Kf2 Rxb6 53. Ke3 Rbd6 54. Ra3 Kxc4 55. Rd2 Nd7 56. Ra4+ Kc3 57. Ra3+ Kc4 58. h4 Nb6 59. h5 Kb4 60. Raxd3 Nc4+ 61. Ke2 Nxd2 62. Rxd4+ Rxd4 63. h6 Nxf3 64. hxg7 Rd8 65. Kxf3 Kxb5 66. f6 Rg8 67. Kg4 Kc6 68. Kf5 Kd6 69. f7 1-0

[Event "EIBCC 2019"]
[Site "Tallinn"]
[Date "2019.12.07"]
[Round "21.27"]
[White "Frischmann, Rick"]
[Black "Troyke, Christian"]
[Result "0-1"]
[WhiteElo "2450"]
[BlackElo "2247"]
[Annotator "ChessBase"]
[PlyCount "92"]
[EventDate "2019.12.06"]
[EventType "swiss"]
[EventCountry "EST"]
[SourceTitle "playchess.com"]
[Source "ChessBase"]
[SourceQuality "1"]

1. e4 c5 2. Nf3 g6 3. d4 cxd4 4. Qxd4 Nf6 5. Nc3 Nc6 6. Qa4 d6 7. e5 dxe5 8. Nxe5 Bd7 9. Nxd7 Nxd7 10. Be3 Bg7 11. Rd1 O-O 12. Be2 a6 13. O-O e6 14. Ne4 Qc7 15. c3 b5 16. Qc2 Nde5 17. Bc5 Rfd8 18. Bd6 Qa7 19. b3 Rac8 20. Kh1 Nd4 21. Qd2 Nxe2 22. Qxe2 h6 23. Rd2 Kh7 24. Rfd1 f5 25. Ng3 Ng4 26. Kg1 Qb6 27. Qxe6 Rxc3 28. Nxf5 Nxf2 29. Rxf2 gxf5 30. Qxf5+ Kh8 31. Qg6 Rc6 32. Kf1 Rcxd6 33. Rxd6 Qxd6 34. Qe4 Qd1+ 35. Qe1 Qxe1+ 36. Kxe1 Kg8 37. Rf5 Rd6 38. a4 bxa4 39. bxa4 Kh7 40. g4 Rd4 41. Ra5 Rxg4 42. Rxa6 Rg2 43. Ra8 Rxh2 44. a5 Ra2 45. a6 h5 46. Kf1 h4 0-1

[Event "EIBCC 2019"]
[Site "Tallinn"]
[Date "2019.12.07"]
[Round "21.28"]
[White "Sipila, Vilka"]
[Black "Snihur, Piotr"]
[Result "1-0"]
[WhiteElo "2422"]
[BlackElo "2202"]
[Annotator "NA"]
[PlyCount "67"]
[EventDate "2019.12.06"]
[EventType "swiss"]
[EventCountry "EST"]
[SourceTitle "playchess.com"]
[Source "ChessBase"]
[SourceQuality "1"]

1. Nh3 d5 2. d4 Nf6 3. Nf4 g6 4. g3 Bg7 5. Bg2 O-O 6. O-O c6 7. e3 Nbd7 8. c4 dxc4 9. Na3 e5 10. dxe5 Nxe5 11. Qc2 Qc7 12. Nxc4 Nxc4 13. Qxc4 Re8 14. Bd2 Bf5 15. Bc3 Qe7 16. Rfd1 Rad8 17. Bd4 Ne4 18. Bxg7 Kxg7 19. Rxd8 Rxd8 20. g4 b5 21. Qxc6 Rc8 22. Qxb5 Nd6 23. Qb4 Bc2 24. Rc1 Qf6 25. Nd5 Qe5 26. f4 Qe6 27. Qd4+ f6 28. Nc3 Rc4 29. Qd2 Be4 30. b3 Rb4 31. Nxe4 Rxe4 32. Rc6 Rxe3 33. Rxd6 Re1+ 34. Kf2 1-0

[Event "EIBCC 2019"]
[Site "Tallinn"]
[Date "2019.12.07"]
[Round "21.29"]
[White "Volodin, Aleksandr"]
[Black "Sorensen, Hampus"]
[Result "1-0"]
[WhiteElo "2401"]
[BlackElo "2196"]
[Annotator "NA"]
[PlyCount "91"]
[EventDate "2019.12.06"]
[EventType "swiss"]
[EventCountry "EST"]
[SourceTitle "playchess.com"]
[Source "ChessBase"]
[SourceQuality "1"]

1. d4 d5 2. c4 c6 3. Nf3 Nf6 4. e3 a6 5. Bd3 Bg4 6. h3 Bh5 7. cxd5 cxd5 8. Qb3 Bxf3 9. gxf3 Ra7 10. Nc3 e6 11. Bd2 Be7 12. a4 O-O 13. a5 Nc6 14. Ne2 e5 15. Bc3 e4 16. fxe4 Nxe4 17. Bxe4 dxe4 18. Ng3 Qd7 19. d5 Nb8 20. Nxe4 Qf5 21. Ra4 Nd7 22. Rg1 Ne5 23. Bxe5 Qxe5 24. Qc3 Qxc3+ 25. bxc3 Raa8 26. Ke2 Rfd8 27. c4 Rac8 28. Rb1 Rd7 29. Kd3 f5 30. Ng3 g6 31. Ne2 Kf7 32. Nd4 Bc5 33. Ne6 Bd6 34. Ra2 Re8 35. Nd4 Bc5 36. Rab2 Ree7 37. Rb3 Kf6 38. h4 h6 39. f4 Kf7 40. R3b2 Kf6 41. Rg2 Kf7 42. Rg3 Rd6 43. Rb3 Rdd7 44. h5 gxh5 45. Nxf5 Re8 46. Rg7+ 1-0

[Event "EIBCC 2019"]
[Site "Tallinn"]
[Date "2019.12.07"]
[Round "21.30"]
[White "Sysolyatin, Evgeny"]
[Black "Peterson, Emery"]
[Result "1-0"]
[WhiteElo "2396"]
[BlackElo "2195"]
[Annotator "NA"]
[PlyCount "52"]
[EventDate "2019.12.06"]
[EventType "swiss"]
[EventCountry "EST"]
[SourceTitle "playchess.com"]
[Source "ChessBase"]
[SourceQuality "1"]

1. e4 e6 2. d4 d5 3. Nc3 Bb4 4. Bd3 Nf6 5. Bg5 dxe4 6. Bxe4 Nbd7 7. Nge2 O-O 8. Bd3 Be7 9. O-O c5 10. Re1 Kh8 11. a3 cxd4 12. Nxd4 Nc5 13. Bf1 Bd7 14. b4 Na4 15. Nxa4 Bxa4 16. Bb5 Bxb5 17. Nxb5 Qb6 18. c4 a5 19. Qb3 axb4 20. axb4 Nd5 21. Bd2 Rfd8 22. Rxa8 Rxa8 23. cxd5 Qxb5 24. dxe6 fxe6 25. Qxe6 Bxb4 26. Qb3 Ra4 1-0

[Event "EIBCC 2019"]
[Site "Tallinn"]
[Date "2019.12.07"]
[Round "21.31"]
[White "Vorobjov, Pavel"]
[Black "Askerov, Marat"]
[Result "1-0"]
[WhiteElo "2362"]
[BlackElo "2164"]
[Annotator "NA"]
[PlyCount "88"]
[EventDate "2019.12.06"]
[EventType "swiss"]
[EventCountry "EST"]
[SourceTitle "playchess.com"]
[Source "ChessBase"]
[SourceQuality "1"]

1. d4 e6 2. c4 Bb4+ 3. Bd2 c5 4. dxc5 Bxc5 5. e3 Nf6 6. Nc3 O-O 7. Nf3 b6 8. Be2 Bb7 9. O-O Be7 10. Nd4 a6 11. Bf3 Qc7 12. Bxb7 Qxb7 13. Rc1 d6 14. Qe2 Nbd7 15. Rfd1 Rac8 16. b3 Rfd8 17. Qf3 Qxf3 18. gxf3 Kf8 19. Na4 Rc7 20. Kf1 Rdc8 21. Ke2 d5 22. cxd5 Nxd5 23. Rxc7 Rxc7 24. e4 N5f6 25. Rc1 Rxc1 26. Bxc1 b5 27. Nc3 Bc5 28. Be3 Ke7 29. f4 Ng4 30. b4 Bxd4 31. Bxd4 e5 32. Nd5+ Kd6 33. fxe5+ Ngxe5 34. f4 Ng4 35. Bxg7 Nxh2 36. Ne3 h5 37. e5+ Ke6 38. f5+ Ke7 39. Nd5+ Kd8 40. e6 fxe6 41. fxe6 Nb8 42. Bf6+ Kc8 43. e7 Kd7 44. Nc7 Ng4 1-0

[Event "EIBCC 2019"]
[Site "Tallinn"]
[Date "2019.12.07"]
[Round "21.32"]
[White "D`Costa, Lorin"]
[Black "Psyk, Radoslaw"]
[Result "0-1"]
[WhiteElo "2361"]
[BlackElo "2144"]
[Annotator "NA"]
[PlyCount "120"]
[EventDate "2019.12.06"]
[EventType "swiss"]
[EventCountry "EST"]
[SourceTitle "playchess.com"]
[Source "ChessBase"]
[SourceQuality "1"]

1. d4 Nf6 2. Bf4 d5 3. e3 e6 4. Nd2 c5 5. c3 Nc6 6. Ngf3 Bd6 7. Bg3 Qe7 8. Bb5 Bd7 9. O-O O-O 10. Bxc6 Bxc6 11. Re1 Bxg3 12. hxg3 Nd7 13. e4 dxe4 14. Nxe4 Bxe4 15. Rxe4 Nf6 16. Re5 cxd4 17. Nxd4 Rfd8 18. Qe2 Qc7 19. Re1 a6 20. g4 Rd5 21. Re3 Qf4 22. Rg3 Rg5 23. Qf3 Qxf3 24. gxf3 Nd5 25. Re4 Nf6 26. Re2 Rd8 27. Kg2 Nd5 28. Re4 Nf6 29. Re2 b5 30. Kh3 Nd5 31. Re4 e5 32. Nc6 Re8 33. Kg2 Nf4+ 34. Kf1 Re6 35. Nxe5 Rgxe5 36. Rxf4 Re1+ 37. Kg2 R1e2 38. Rb4 Rd2 39. f4 Ree2 40. Rf3 g6 41. f5 Rxb2 42. fxg6 hxg6 43. Rxb2 Rxb2 44. a3 Rb3 45. Rf6 Rxa3 46. Rc6 a5 47. Rc5 Rb3 48. g5 a4 49. Rc8+ Kg7 50. Rb8 a3 51. f3 Rb2+ 52. Kg3 Rb3 53. Kf4 Rxc3 54. Rxb5 Rc4+ 55. Ke5 Ra4 56. Rb1 Ra5+ 57. Kf4 a2 58. Ra1 Kf8 59. Ke4 Ke7 60. f4 Ke6 0-1

[Event "EIBCC 2019"]
[Site "Tallinn"]
[Date "2019.12.07"]
[Round "21.33"]
[White "Vetokhin, Savva"]
[Black "Duzhakov, Ilya"]
[Result "0-1"]
[WhiteElo "2145"]
[BlackElo "2346"]
[Annotator "NA"]
[PlyCount "68"]
[EventDate "2019.12.06"]
[EventType "swiss"]
[EventCountry "EST"]
[SourceTitle "playchess.com"]
[Source "ChessBase"]
[SourceQuality "1"]

1. e4 c5 2. c3 e6 3. d4 d5 4. exd5 exd5 5. Nf3 Nc6 6. Bd3 Nf6 7. O-O Be7 8. dxc5 Bxc5 9. Re1+ Be6 10. Nbd2 O-O 11. Nb3 Bb6 12. Be3 Bg4 13. h3 Bh5 14. Bxb6 Qxb6 15. Be2 a5 16. Rb1 a4 17. Nbd4 Ne4 18. Nd2 Bg6 19. Nxe4 dxe4 20. Nxc6 bxc6 21. Qd4 c5 22. Qe3 f5 23. Bc4+ Kh8 24. Qf4 h6 25. Red1 Rad8 26. Rxd8 Rxd8 27. b3 a3 28. Qc1 Qf6 29. Qxa3 f4 30. Qxc5 e3 31. Re1 Qxc3 32. Kf1 Bd3+ 33. Bxd3 Qxc5 34. fxe3 Rxd3 0-1

[Event "EIBCC 2019"]
[Site "Tallinn"]
[Date "2019.12.07"]
[Round "21.34"]
[White "Belous, Mikhail"]
[Black "Timoshin, Andrei"]
[Result "1-0"]
[WhiteElo "2286"]
[BlackElo "2130"]
[Annotator "NA"]
[PlyCount "55"]
[EventDate "2019.12.06"]
[EventType "swiss"]
[EventCountry "EST"]
[SourceTitle "playchess.com"]
[Source "ChessBase"]
[SourceQuality "1"]

1. d4 d5 2. c4 e6 3. Nc3 c5 4. cxd5 exd5 5. Nf3 Nc6 6. g3 Nf6 7. Bg2 Be7 8. O-O O-O 9. b3 Ne4 10. Bb2 Bf6 11. Na4 b6 12. dxc5 Bxb2 13. Nxb2 bxc5 14. Rc1 Be6 15. Nd2 Nxd2 16. Qxd2 Qe7 17. Na4 Rfd8 18. Nxc5 Rac8 19. Nxe6 Qxe6 20. Rc2 Ne7 21. Rfc1 Rxc2 22. Rxc2 Qa6 23. Qd3 Qf6 24. Qc3 Qe6 25. Qd4 Qg6 26. Rc1 a6 27. Qe5 Re8 28. Qxe7 1-0

[Event "EIBCC 2019"]
[Site "Tallinn"]
[Date "2019.12.07"]
[Round "21.35"]
[White "Siniauski, Artsiom"]
[Black "Valner, Uku"]
[Result "1-0"]
[WhiteElo "2056"]
[BlackElo "2274"]
[Annotator "NA"]
[PlyCount "83"]
[EventDate "2019.12.06"]
[EventType "swiss"]
[EventCountry "EST"]
[SourceTitle "playchess.com"]
[Source "ChessBase"]
[SourceQuality "1"]

1. e4 e6 2. d4 d5 3. Nc3 Bb4 4. e5 c5 5. a3 Bxc3+ 6. bxc3 Qc7 7. Nf3 Ne7 8. a4 b6 9. Bb5+ Bd7 10. Bd3 Nbc6 11. O-O Na5 12. Ba3 Bxa4 13. dxc5 bxc5 14. Bxc5 Qxc5 15. Rxa4 Nac6 16. Qa1 O-O 17. Re1 Ng6 18. h4 Rfc8 19. h5 Nf8 20. Rg4 Ne7 21. Qc1 g6 22. hxg6 fxg6 23. Qg5 Rc7 24. Qf6 a5 25. Ng5 Nf5 26. Nxe6 Nxe6 27. Qxe6+ Kf8 28. Bxf5 Re7 29. Qf6+ Rf7 30. Qh8+ Ke7 31. Qxa8 Rxf5 32. Rf1 Qxc3 33. Qxd5 Rxe5 34. Qd3 Qc6 35. Qa3+ Kf7 36. Qf3+ Qxf3 37. gxf3 Rc5 38. c4 h5 39. Rf4+ Kg7 40. Rd1 a4 41. Rd5 Rc6 42. Ra5 1-0

[Event "EIBCC 2019"]
[Site "Tallinn"]
[Date "2019.12.07"]
[Round "21.36"]
[White "Vlassow, Valentin"]
[Black "Szadkowski, Kamil"]
[Result "0-1"]
[WhiteElo "2265"]
[BlackElo "2095"]
[Annotator "NA"]
[PlyCount "114"]
[EventDate "2019.12.06"]
[EventType "swiss"]
[EventCountry "EST"]
[SourceTitle "playchess.com"]
[Source "ChessBase"]
[SourceQuality "1"]

1. e4 c5 2. Nf3 d6 3. Bb5+ Bd7 4. Bxd7+ Qxd7 5. O-O Nc6 6. c3 g6 7. d4 cxd4 8. cxd4 Bg7 9. Nc3 Nf6 10. Re1 O-O 11. Bg5 Rfe8 12. h3 Rac8 13. Rc1 a6 14. Qd2 e6 15. d5 Na5 16. dxe6 Qxe6 17. b3 Nc6 18. Bxf6 Bxf6 19. Nd5 Bg7 20. Rc2 Ne7 21. Nc7 Qf6 22. Nxe8 Rxe8 23. Rc7 b5 24. Rd7 Nc8 25. Rb7 h5 26. Qd5 Bh6 27. e5 dxe5 28. Rxe5 Rd8 29. Rd7 Rxd7 30. Qxd7 Nb6 31. Qe8+ Kh7 32. Re7 Qa1+ 33. Kh2 Bg7 34. Qxf7 Qc3 35. Ng5+ Kh6 36. Qf4 Nd5 37. Ne6+ Nxf4 38. Nxf4 Be5 39. g3 Bxf4 40. gxf4 Qd4 41. Kg3 Qd2 42. Re6 Qxa2 43. f5 Qxb3+ 44. f3 a5 45. Rxg6+ Kh7 46. Rb6 a4 47. Rb7+ Kg8 48. Kf4 a3 49. Kg5 Qxf3 50. Rd7 Qc6 51. Ra7 b4 52. f6 Qg2+ 53. Kh6 Qf3 54. Kg6 Qe4+ 55. Kh6 Qf5 56. f7+ Qxf7 57. Ra8+ Qf8+ 0-1

[Event "EIBCC 2019"]
[Site "Tallinn"]
[Date "2019.12.07"]
[Round "22.1"]
[White "Stupak, Kirill"]
[Black "Andriasian, Zaven"]
[Result "1/2-1/2"]
[WhiteElo "2459"]
[BlackElo "2766"]
[Annotator "TA"]
[PlyCount "24"]
[EventDate "2019.12.06"]
[EventType "swiss"]
[EventCountry "EST"]
[SourceTitle "playchess.com"]
[Source "ChessBase"]
[SourceQuality "1"]

1. d4 d5 2. c4 c6 3. cxd5 cxd5 4. Nc3 Nf6 5. Nf3 Nc6 6. Bf4 Bf5 7. e3 e6 8. Bd3 Bxd3 9. Qxd3 Bd6 10. Bxd6 Qxd6 11. O-O O-O 12. Rac1 Rfc8 1/2-1/2

[Event "EIBCC 2019"]
[Site "Tallinn"]
[Date "2019.12.07"]
[Round "22.2"]
[White "Lysyj, Igor"]
[Black "Guseinov, Gadir"]
[Result "1-0"]
[WhiteElo "2600"]
[BlackElo "2593"]
[Annotator "ChessBase"]
[PlyCount "116"]
[EventDate "2019.12.06"]
[EventType "swiss"]
[EventCountry "EST"]
[SourceTitle "playchess.com"]
[Source "ChessBase"]
[SourceQuality "1"]

1. d4 g6 2. c4 Bg7 3. e4 d6 4. Nc3 Nf6 5. Nf3 O-O 6. Be2 c6 7. O-O Na6 8. Be3 e5 9. dxe5 dxe5 10. Qxd8 Rxd8 11. h3 Re8 12. c5 Nc7 13. Rfd1 Nh5 14. Bf1 Nf4 15. Nd2 Be6 16. Nc4 Bxc4 17. Bxc4 Re7 18. g3 Nfe6 19. Ne2 Nd4 20. Nxd4 exd4 21. Bf4 Na6 22. Bxa6 bxa6 23. f3 f5 24. exf5 gxf5 25. Re1 Rae8 26. Rxe7 Rxe7 27. Kf1 d3 28. Rd1 Rd7 29. Bd6 Bxb2 30. Rxd3 Kf7 31. g4 fxg4 32. hxg4 Be5 33. Ra3 Bxd6 34. cxd6 Ke6 35. Rxa6 Kxd6 36. Ke2 Kc5 37. f4 Kb5 38. Ra3 c5 39. f5 c4 40. Rf3 Kb4 41. a3+ Kc5 42. f6 Rf7 43. g5 Kd4 44. Kd2 Ke4 45. Rf1 Kd4 46. Kc2 Rf8 47. f7 Ke5 48. Rf6 h6 49. Rxh6 Rxf7 50. Rh2 Rf3 51. Kb2 Rb3+ 52. Ka2 Rg3 53. Rh7 Kd4 54. Rxa7 Kc3 55. Rf7 Rg2+ 56. Kb1 Kb3 57. Rb7+ Kc3 58. Rf7 Rg1+ 1-0

[Event "EIBCC 2019"]
[Site "Tallinn"]
[Date "2019.12.07"]
[Round "22.5"]
[White "Kulaots, Kaido"]
[Black "Morozevich, Alexander"]
[Result "0-1"]
[WhiteElo "2562"]
[BlackElo "2712"]
[Annotator "TA"]
[PlyCount "114"]
[EventDate "2019.12.06"]
[EventType "swiss"]
[EventCountry "EST"]
[SourceTitle "playchess.com"]
[Source "ChessBase"]
[SourceQuality "1"]

1. e4 e6 2. d4 d5 3. Nc3 Nf6 4. e5 Nfd7 5. Nce2 c5 6. c3 Nc6 7. Nf3 Qb6 8. a3 cxd4 9. cxd4 f6 10. Nf4 fxe5 11. Nxe6 Nf6 12. Nxf8 Rxf8 13. dxe5 Ne4 14. Be3 Qxb2 15. Bd3 Qc3+ 16. Kf1 Bg4 17. Rc1 Qa5 18. Qb3 Rf7 19. Bxe4 dxe4 20. Ng5 Qa6+ 21. Kg1 Nxe5 22. Nxf7 Nxf7 23. h3 Be6 24. Qb4 Bd5 25. Kh2 Qe6 26. Rhd1 Bc6 27. Rc5 Rd8 28. Rxd8+ Kxd8 29. Kg1 Kc8 30. Rc1 b6 31. Qf8+ Kb7 32. Qxg7 h5 33. Qd4 Ne5 34. Rd1 Nd3 35. a4 Qb3 36. Rd2 Qxa4 37. Qg7+ Ka6 38. Qf7 Qa1+ 39. Kh2 Qe5+ 40. g3 Bd5 41. Qd7 b5 42. Qc8+ Ka5 43. Qc2 b4 44. Rd1 Kb5 45. Rb1 a5 46. Qd2 a4 47. Bh6 a3 48. Bf8 Qd4 49. Bxb4 Qxb4 50. Rxb4+ Nxb4 51. Qe2+ Kc5 52. Qd2 a2 53. Qc3+ Kb5 54. g4 hxg4 55. hxg4 Ka4 56. Qb2 Bb3 57. g5 Nc2 0-1

[Event "EIBCC 2019"]
[Site "Tallinn"]
[Date "2019.12.07"]
[Round "22.6"]
[White "Popov, Valerij"]
[Black "Demidov, Mikhail"]
[Result "1-0"]
[WhiteElo "2547"]
[BlackElo "2631"]
[Annotator "ChessBase"]
[PlyCount "79"]
[EventDate "2019.12.06"]
[EventType "swiss"]
[EventCountry "EST"]
[SourceTitle "playchess.com"]
[Source "ChessBase"]
[SourceQuality "1"]

1. Nf3 g6 2. d4 Bg7 3. c4 d6 4. Nc3 c5 5. dxc5 Bxc3+ 6. bxc3 dxc5 7. Qxd8+ Kxd8 8. e4 Nc6 9. Bf4 b6 10. O-O-O+ Ke8 11. e5 Bb7 12. e6 f6 13. Bd3 Na5 14. h4 Rd8 15. Rhe1 Kf8 16. Bc7 Rc8 17. Bf4 Kg7 18. Bc2 Nh6 19. Rd7 Rhe8 20. Be4 Ba6 21. Rxa7 Bxc4 22. Bb1 Ra8 23. Rc7 Ng8 24. g4 Bd5 25. Nd2 Rec8 26. g5 h6 27. gxf6+ Kxf6 28. Be5+ Kxe6 29. Rxc8 Rxc8 30. Bc7+ Kd7 31. Bxb6 Nb7 32. a4 g5 33. hxg5 hxg5 34. Re5 Nf6 35. Rxg5 Ra8 36. Bf5+ Be6 37. Bc2 c4 38. a5 Nd5 39. Ba4+ Kd6 40. Nxc4# 1-0

[Event "EIBCC 2019"]
[Site "Tallinn"]
[Date "2019.12.07"]
[Round "22.7"]
[White "Sanal, Vahap"]
[Black "Lintchevski, Daniil"]
[Result "0-1"]
[WhiteElo "2563"]
[BlackElo "2553"]
[Annotator "ChessBase"]
[PlyCount "54"]
[EventDate "2019.12.06"]
[EventType "swiss"]
[EventCountry "EST"]
[SourceTitle "playchess.com"]
[Source "ChessBase"]
[SourceQuality "1"]

1. e4 c6 2. d4 d5 3. exd5 cxd5 4. c4 Nf6 5. Nc3 g6 6. Qb3 Bg7 7. cxd5 O-O 8. Be2 Nbd7 9. Bf3 Nb6 10. Nge2 a5 11. a4 Bf5 12. O-O Bd3 13. d6 Qxd6 14. Bxb7 Rab8 15. Bf4 Qb4 16. Qxb4 axb4 17. Bxb8 bxc3 18. Ba7 cxb2 19. Rab1 Nxa4 20. Bc6 Bxe2 21. Rfe1 Bd3 22. Rbd1 b1=Q 23. Rxb1 Bxb1 24. Rxb1 Nc3 25. Rb7 Rc8 26. Bf3 Nb5 27. Bc5 Nxd4 0-1

[Event "EIBCC 2019"]
[Site "Tallinn"]
[Date "2019.12.07"]
[Round "22.8"]
[White "Shubin, Kirill"]
[Black "Sargissian, Gabriel"]
[Result "1/2-1/2"]
[WhiteElo "2401"]
[BlackElo "2676"]
[Annotator "ChessBase"]
[PlyCount "119"]
[EventDate "2019.12.06"]
[EventType "swiss"]
[EventCountry "EST"]
[SourceTitle "playchess.com"]
[Source "ChessBase"]
[SourceQuality "1"]

1. e4 e5 2. Nf3 Nc6 3. Bb5 a6 4. Ba4 Nf6 5. O-O Be7 6. Re1 b5 7. Bb3 O-O 8. h3 d6 9. c3 Nb8 10. d4 Nbd7 11. Nbd2 Bb7 12. Bc2 c5 13. d5 c4 14. Nf1 Nc5 15. b4 cxb3 16. axb3 a5 17. Ba3 Qb6 18. Qd2 Rfc8 19. Ng3 Bf8 20. b4 axb4 21. Bxb4 Rxa1 22. Rxa1 Ra8 23. Qc1 Ra6 24. Ra3 g6 25. Qa1 Rxa3 26. Qxa3 Na6 27. Ba5 Qc5 28. Qxc5 Nxc5 29. Bb4 Nfd7 30. Nf1 Bh6 31. N1d2 f6 32. Nb3 Nxb3 33. Bxb3 Nc5 34. Bc2 Kf7 35. Kf1 Ke7 36. Ke2 Ba6 37. Nd2 Na4 38. Nb3 Nb2 39. Na5 Kd7 40. Ba3 Na4 41. Bb4 Nc5 42. Nb3 Bf8 43. Ke3 Be7 44. Ke2 f5 45. exf5 Nxb3 46. fxg6 Nc1+ 47. Kd1 hxg6 48. Kxc1 Bb7 49. Be4 g5 50. Kd1 Bf6 51. Ke2 Ke7 52. Kf3 Bc8 53. Bd3 Bd7 54. Ke2 g4 55. hxg4 Bxg4+ 56. f3 Bd7 57. Kd2 Bg5+ 58. Kc2 Be3 59. Kb3 Bb6 60. Kc2 1/2-1/2